Algunos problemas del trasporte en la ciudad de mexico : (Record no. 12097)

MARC details
000 -CABECERA
campo de control de longitud fija 01262nam a2200301 4500
003 - IDENTIFICADOR DEL NÚMERO DE CONTROL
campo de control OSt
005 - FECHA Y HORA DE LA ÚLTIMA TRANSACCIÓN
campo de control 20260530113910.0
008 - DATOS DE LONGITUD FIJA--INFORMACIÓN GENERAL
campo de control de longitud fija 260420b1983 mx a|||| |||| 00| 0 spa d
040 ## - FUENTE DE LA CATALOGACIÓN
Centro catalogador/agencia de origen ICI
Lengua de catalogación spa
Centro/agencia transcriptor ICI
050 0# - SIGNATURA TOPOGRÁFICA DE LA BIBLIOTECA DEL CONGRESO
Número de clasificación HE5636.M4
Número de documento/Ítem G87
100 1# - ENTRADA PRINCIPAL--NOMBRE DE PERSONA
Nombre de persona Guiterrez de Macgregor, Teresa,
Término indicativo de función/relación autor
9 (RLIN) 33268
245 10 - MENCIÓN DE TÍTULO
Título Algunos problemas del trasporte en la ciudad de mexico :
Resto del título Anilisis del servicio de autobuses urbanos /
Mención de responsabilidad, etc. por Ma. Teresa Gutierrez de MacGregor, Lourdes Godines e Ignacio Kunz
264 1# - PRODUCCIÓN, PUBLICACIÓN, DISTRIBUCIÓN, FABRICACIÓN Y COPYRIGHT
Producción, publicación, distribución, fabricación y copyright México :
Nombre del de productor, editor, distribuidor, fabricante UNAM, Instituto de Geografia,
Fecha de producción, publicación, distribución, fabricación o copyright 1983
300 ## - DESCRIPCIÓN FÍSICA
Extensión 87 páginas
336 ## - TIPO DE CONTENIDO
Fuente rdacontent
Término de tipo de contenido texto
337 ## - TIPO DE MEDIO
Fuente rdamedia
Nombre/término del tipo de medio sin medio
338 ## - TIPO DE SOPORTE
Fuente rdacarrier
Nombre/término del tipo de soporte volumen
490 0# - MENCIÓN DE SERIE
Mención de serie Serie varia / Instituto de Geografia.
650 4# - PUNTO DE ACCESO ADICIONAL DE MATERIA--TÉRMINO DE MATERIA
Término de materia o nombre geográfico como elemento de entrada Transporte y estado
Subdivisión geográfica Ciudad de Mexico
9 (RLIN) 33269
650 4# - PUNTO DE ACCESO ADICIONAL DE MATERIA--TÉRMINO DE MATERIA
Término de materia o nombre geográfico como elemento de entrada Transporte
Subdivisión geográfica Ciudad de Mexico
9 (RLIN) 33270
650 4# - PUNTO DE ACCESO ADICIONAL DE MATERIA--TÉRMINO DE MATERIA
Término de materia o nombre geográfico como elemento de entrada Transporte y estado
Subdivisión geográfica Ciudad de Mexico
9 (RLIN) 33269
650 4# - PUNTO DE ACCESO ADICIONAL DE MATERIA--TÉRMINO DE MATERIA
Término de materia o nombre geográfico como elemento de entrada Líneas de autobuses
Subdivisión general Gobierno
-- Propiedades
Subdivisión geográfica México
9 (RLIN) 33271
651 4# - PUNTO DE ACCESO ADICIONAL DE MATERIA--NOMBRE GEOGRÁFICO
Nombre geográfico Ciudad de México
Subdivisión general Transito local
9 (RLIN) 33272
700 1# - PUNTO DE ACCESO ADICIONAL--NOMBRE DE PERSONA
Nombre de persona Kunz, Ignacio
Término indicativo de función/relación autor
9 (RLIN) 33273
700 1# - PUNTO DE ACCESO ADICIONAL--NOMBRE DE PERSONA
Nombre de persona Godínez Calderón, María de Lourdes,
Término indicativo de función/relación autor
9 (RLIN) 33274
710 2# - PUNTO DE ACCESO ADICIONAL--NOMBRE DE ENTIDAD CORPORATIVA
Nombre de entidad corporativa o nombre de jurisdicción como elemento de entrada Universidad Nacional Autónoma de México.
Unidad subordinada Instituto de Geografía
9 (RLIN) 33275
942 ## - ELEMENTOS DE PUNTO DE ACCESO ADICIONAL (KOHA)
Fuente del sistema de clasificación o colocación Library of Congress Classification
Suprimir en OPAC 0
Tipo de ítem Koha

No items available.